Monografia da Gafanha (Registo nº 3022)

Detalhes MARC
000 -Etiqueta do registo
campo de controlo de comprimento fixo 007140000a22002170004500
001 - Identificador do registo
Campo de controlo 3022
100 ## - Dados Gerais de Proc.
Dados gerais de processamento 19990928e19891944m||d0pory50 ba
101 0# - Língua da publicação
Língua do texto, banda sonora, etc. Português
102 ## - País de Publicação
País de publicação Portugal
200 1# - Título
Título próprio Monografia da Gafanha
Primeira menção de responsabilidade Padre Joao Vieira Rezende
Outras menções de responsabilidade pref. Orlando Ribeiro
205 ## - Menção da edição
Menção da edição 2ª ed., correcta e aumentada
210 ## - Publicação, Distribuição
Lugar da edição, distribuição, etc. Ilhavo
Nome do editor, distribuidor, etc. Câmara Municipal
Data da publicação, distribuição, etc. 1989
215 ## - Descrição física
Descrição física XII, 364, [1] p., [27] f. il.
Outras indicações físicas il.
324 ## - Nota de versão original
Texto da nota Reediçao fac-similada de Coimbra, 1944
675 ## - CDU
Notação 908(469)
Edição BN
Língua da edição Português
700 #1 - Responsabilidade principal
Koha Internal Code 38752
Palavra de ordem Resende
Outra parte do nome Joao Vieira
702 #1 - Responsabilidade secundária
Koha Internal Code 39007
Palavra de ordem Ribeiro
Outra parte do nome Orlando
Datas 1911-1997
Código de função Prefaciador
801 ## - Fonte de origem
País Portugal
Agência BN
Data da última transacção 19950701
090 ## - Números de controlo do sistema (Koha)
Número biblioitem do Koha (gerado automaticamente) 3022
942 ## - Elementos de entrada adicionados (Koha)
Tipo de item no Koha Monografias
Suprimido Disponível no OPAC
999 ## - Campo local
Campo local 3022
Exemplares
Perdido (estado) Data de aquisição Origem do registo (biblioteca) (codificado) Código da organização que empresta ou é detentora (biblioteca) Código de barras Local Número de inventário Cota Tipo de circulação (não pode ser emprestado) Tipo de item e material
Disponível 1999-09-28 Biblioteca Municipal Álvaro de Campos Biblioteca Municipal Álvaro de Campos BMTAV13169 Depósito 13169 GA12 RES-D Normal Monografias